header

Confronting violence (Record no. 125340)

MARC details
000 -LEADER
fixed length control field 01900nam a2200409 a 4500
082 04 - DEWEY DECIMAL CLASSIFICATION NUMBER
Classification number 303.6
100 1# - MAIN ENTRY--AUTHOR NAME
Personal name Gellert, George A.,
245 10 - TITLE STATEMENT
Title Confronting violence
250 ## - EDITION STATEMENT
Edition statement 3rd ed.
260 ## - PUBLICATION, DISTRIBUTION, ETC. (IMPRINT)
Place of publication Washington, D.C. :
Name of publisher American Public Health Association Press,
Year of publication c2010.
300 ## - PHYSICAL DESCRIPTION
Number of Pages xxx, 439 p.
500 ## - GENERAL NOTE
General note Includes index.
505 0# - FORMATTED CONTENTS NOTE
Formatted contents note Determinants of violence : is America more violent than other societies? -- Physical and emotional abuse of children -- Sexual abuse of children -- Youth and school violence -- Bullying : not just kids' stuff -- Spouse abuse, domestic, and intimate partner violence -- Rape and sexual assault of adults.
650 #0 - SUBJECT ADDED ENTRY--TOPICAL TERM
Topical Term Violence
Topical Term Violence
Topical Term Violent crimes
Topical Term Violent crimes
700 1# - ADDED ENTRY--PERSONAL NAME
Personal name Townsend, Kathleen Kennedy,
Personal name Keating, Frank.
856 40 - ELECTRONIC LOCATION AND ACCESS
Uniform Resource Identifier http://site.ebrary.com/lib/rucke/Doc?id=10486823

No items available.

© 2026 Rongo University
Contact us: librarian | system librarian | Rongo university